[Event "Romania blitz online op final"]
[Site "Chess.com INT"]
[Date "2020.05.06"]
[Round "3"]
[White "Onut, Simeon"]
[Black "Bulau, Andrei Cristian"]
[Result "1-0"]
[WhiteElo "2033"]
[BlackElo "2199"]
[PlyCount "87"]
[EventDate "2020.05.06"]
[EventType "swiss (blitz)"]
[EventRounds "9"]
[EventCountry "ROU"]
[SourceTitle "CBM 196 Extra"]
[Source "ChessBase"]
[SourceDate "2020.07.31"]
[SourceVersion "1"]
[SourceVersionDate "2020.07.31"]
[SourceQuality "1"]

1. c4 e5 2. Nc3 Nc6 3. g3 h5 4. h4 Nf6 5. Bg2 d6 6. e3 Be6 7. Nd5 Be7 8. d3 Qd7 9. Ne2 0-0-0 10. Bd2 Ng4 11. f3 Nf6 12. Nec3 Bxd5 13. cxd5 Nb4 14. Qb3 Nxd3+ 15. Ke2 Nc5 16. Qc4 Kb8 17. b4 Na4 18. Rhc1 Nxc3+ 19. Rxc3 Ne8 20. e4 f5 21. Bh3 g6 22. Be3 Rf8 23. a4 Bf6 24. Rac1 Qe7 25. exf5 e4 26. R3c2 exf3+ 27. Kxf3 Be5 28. Qd3 gxf5 29. Kg2 f4 30. gxf4 Bxf4 31. Bf2 Bxc1 32. Rxc1 Nf6 33. Qd4 Qe4+ 34. Kh2 Qxd4 35. Bxd4 Nxd5 36. b5 Rde8 37. Rc2 Rf4 38. Bf2 Rxa4 39. Bd7 Rd8 40. Be6 Nf4 41. Bf7 Rf8 42. Bc4 d5 43. Bf1 Ra3 44. Bc5 1-0

[Event "NATO-ch 27th"]
[Site "Shrivenham"]
[Date "2016.08.24"]
[Round "4"]
[White "Onut, Simeon"]
[Black "Hater, David"]
[Result "1/2-1/2"]
[WhiteElo "2219"]
[BlackElo "2001"]
[PlyCount "118"]
[EventDate "2016.08.22"]
[EventType "swiss"]
[EventRounds "7"]
[EventCountry "ENG"]
[SourceTitle "EXT 2018"]
[Source "ChessBase"]
[SourceDate "2017.10.13"]
[SourceVersion "1"]
[SourceVersionDate "2017.10.13"]
[SourceQuality "1"]

1. c4 Nf6 2. Nc3 d5 3. cxd5 Nxd5 4. g3 g6 5. Bg2 Nxc3 6. bxc3 Nd7 7. Nf3 Bg7 8. Rb1 0-0 9. 0-0 c5 10. d4 cxd4 11. cxd4 Nb6 12. e4 Bg4 13. Be3 Qd7 14. Re1 Nc4 15. Qb3 Nxe3 16. fxe3 Bxf3 17. Bxf3 b6 18. e5 Rac8 19. Bd5 e6 20. Bc4 Rc7 21. Ba6 Rd8 22. Rbc1 Qe7 23. Qb2 Rdd7 24. Rcd1 Bf8 25. Bb5 Rd8 26. e4 Qb4 27. Re2 Qxb2 28. Rxb2 Ba3 29. Rbd2 Rc1 30. d5 Rxd1+ 31. Rxd1 exd5 32. exd5 Bb2 33. d6 Bxe5 34. d7 Kf8 35. Kf2 Ke7 36. Ke3 f5 37. Rd5 Bc7 38. Kd4 Rf8 39. Ke3 f4+ 40. gxf4 Bxf4+ 41. Ke4 Bxh2 42. Rd1 Bc7 43. a4 Rf6 44. d8Q+ Bxd8 45. Rd7+ Ke6 46. Rxd8 h5 47. Ra8 g5 48. Rxa7 Rf4+ 49. Ke3 h4 50. Rb7 Ke5 51. Rxb6 g4 52. Re6+ Kxe6 53. Kxf4 g3 54. Bf1 Kd6 55. Kg4 Kc5 56. Kf3 Kb4 57. Bb5 Ka5 58. Kg2 Kb4 59. Bc6 Ka5 1/2-1/2

[Event "Martisor Cup op"]
[Site "Bucharest"]
[Date "2002.03.04"]
[Round "6"]
[White "Onut, Simeon"]
[Black "Nita, Lucian"]
[Result "0-1"]
[WhiteElo "2109"]
[BlackElo "2123"]
[PlyCount "118"]
[EventDate "2002.03.01"]
[EventType "swiss"]
[EventRounds "9"]
[EventCountry "ROU"]
[SourceTitle "CBM 087 Extra"]
[Source "ChessBase"]
[SourceDate "2002.05.03"]
[SourceVersion "2"]
[SourceVersionDate "2002.08.09"]
[SourceQuality "1"]

1. d4 Nf6 2. c4 g6 3. Nc3 Bg7 4. e4 d6 5. f3 0-0 6. Be3 Nbd7 7. Qd2 e5 8. d5 Ne8 9. g4 f5 10. gxf5 gxf5 11. exf5 Qh4+ 12. Bf2 Qh5 13. 0-0-0 Nc5 14. Bh3 Bxf5 15. Bxf5 Qxf5 16. Be3 Nf6 17. Nge2 Qxf3 18. Rdf1 Qh3 19. Ng3 Ng4 20. Kb1 Rxf1+ 21. Nxf1 Nxe3 22. Qxe3 Qxe3 23. Nxe3 a6 24. Rg1 Rf8 25. b4 Nd3 26. a3 Rf3 27. Ned1 Rh3 28. Ne4 Rxh2 29. c5 Rh6 30. Ne3 Rg6 31. Rxg6 hxg6 32. cxd6 cxd6 33. Nxd6 b5 34. Ne4 Bf8 35. d6 Kf7 36. Nc5 Nxc5 37. bxc5 Ke6 38. Kc2 Bh6 39. Ng4 Bg5 40. Nf2 Kd5 41. Ne4 Bd8 42. Kd3 g5 43. Ke3 g4 44. Kd3 a5 45. Ke3 Bh4 46. Ke2 b4 47. axb4 axb4 48. Ke3 b3 49. Kd3 g3 50. d7 g2 51. Nc3+ Kxc5 52. Ne2 Kb4 53. Ng1 e4+ 54. Kd2 Bg5+ 55. Kd1 Ka3 56. Ne2 Ka2 57. Nc3+ Kb2 58. Ne2 Ka1 59. Ng1 b2 0-1